000 01000nam a22002897a 4500
001 03838
003 HDC
007 cr bn ---aaaaa
008 210111t1998 nyu||||| |||| 00| 0 eng
020 _a0-203-22306-3
040 _aHDC
100 _aCollier, Robert J.
_eauthor
_93669
245 0 _aAgricultural Biotechnology. Chapter 22 :
_bSomatotropin in Domestic Animals / by
_cRobert J. Collier and John C. Byatt
260 _aNew York :
_bMARCEL DEKKER,
_c1998
300 _a15 pages
336 _atext
_2rdacontent
337 _acomputer
_2rdamedia
338 _aonline resource
_2rdacarrier
650 _aAgricultural Biotechnology
_91565
650 _aDomestic Animals
_93670
650 _aSomatotropin
_93671
700 _aByatt, John C.
_eauthor
_93672
856 _zRequest full-text at [email protected]
942 _2lcc
942 _cCHAP
942 _kEBCH 001707
999 _c1163
_d1163